<?xml version="1.0" encoding="UTF-8"?>
<marc:record xmlns:marc="http://www.loc.gov/MARC21/slim">
   <marc:leader>00000nam a2200000 a 4500</marc:leader>
   <marc:datafield ind1="1" ind2=" " tag="100">
      <marc:subfield code="a">Gansch, Katha</marc:subfield>
      <marc:subfield code="4">aut</marc:subfield>
      <marc:subfield code="e">Verfasser/-in</marc:subfield>
   </marc:datafield>
   <marc:datafield ind1="0" ind2="0" tag="245">
      <marc:subfield code="a">Fall of the Fae Era</marc:subfield>
   </marc:datafield>
   <marc:datafield ind1=" " ind2="1" tag="264">
      <marc:subfield code="b">Cove</marc:subfield>
      <marc:subfield code="c">2025</marc:subfield>
   </marc:datafield>
   <marc:datafield ind1="1" ind2=" " tag="490">
      <marc:subfield code="a">Gaze of Iladri</marc:subfield>
   </marc:datafield>
   <marc:datafield ind1="1" ind2=" " tag="520">
      <marc:subfield code="a">Ava ist die wertvollste Waffe der Krone. Die gefürchtete Gabe der seltenen Fae ist vom Königshaus begehrt. Doch Ava gelang die Flucht &#x85; zu einem hohen Preis: Sie musste nicht nur ihre Schwester, sondern auch Tarim zurücklassen &#x96; ihren Verbündeten und den Mann, den sie liebt, obwohl sie es nicht darf. Als ein geheimnisvoller Hilferuf sie zurück in den Palast zwingt, wagt sie das Unmögliche: die Befreiung ihrer Schwester...</marc:subfield>
   </marc:datafield>
   <marc:datafield ind1=" " ind2=" " tag="020">
      <marc:subfield code="a">9783551306265</marc:subfield>
      <marc:subfield code="9">9783551306265</marc:subfield>
   </marc:datafield>
</marc:record>
